| 000 | 00830 a2200241 4500 | ||
|---|---|---|---|
| 005 | 20251219152920.0 | ||
| 008 | 251219b |||||||| |||| 00| 0 eng d | ||
| 020 | _a9789349761766 (hbk) | ||
| 037 | _cTB | ||
| 040 |
_aCRL _cCRL |
||
| 041 |
_2pun _apun |
||
| 084 |
_aO153:g L4;R5 _qCRL |
||
| 100 |
_a ਸਿੰਘ, ਕਿਸ਼ਨ _9847647 |
||
| 245 |
_aਸਾਹਿਤ ਦੀ ਸਮਝ _b/ ਕਿਸ਼ਨ ਸਿੰਘ, |
||
| 246 | _a Sahit di Samajh / Singh, Kishan | ||
| 260 |
_aludhiana, Bharat: _bPunjabi Sahit Academy, _c2025. |
||
| 300 | _a256p. | ||
| 365 |
_b450.00 _cINR |
||
| 650 |
_aਪੰਜਾਬੀ ਸਾਹਿਤ _9858145 |
||
| 650 |
_aਆਲੋਚਨਾ _9858146 |
||
| 942 |
_cTB _2CC _n0 _hO153:g L4;R5 |
||
| 999 |
_c1464624 _d1464624 |
||